00267nam a2200121Ia 4500008004100000082001400041100001700055245002200072250000800094260002100102300001000123650001200133150201s2009 xx 000 0 und d a617bM09S aSHENOY, K.R. aMANUAL OF SURGERY a2ND bCBSaDELHIc2009 a1-827 aSURGERY